000 00673nam a2200277Ia 4500
008 181129s9999 xx 000 0 und d
020 _a9780590819183
050 _bR888 1997
100 _aRoy, Ron
245 4 _aThe absent author /
245 0 _cby Ron Roy ; illustrated by John Steven Gurney.
260 _aNew York, NY :
260 _bScholastic,
260 _c1997
300 _a86 pages :
300 _billustrations ;
300 _c19cm.
440 _aA to Z mysteries.
500 _a510L
650 _aDisguise.
650 _aFriendship.
650 _aKidnapping.
700 _aGurney, John Steven.
700 _aSeries.
700 _aTitle.
999 _c360045
_d360045